Mathematisch-statistische Datenanalyse

Na minha lista:
Detalhes bibliográficos
Autor principal: Läuter, Henning
Outros Autores: Pincus, Richard
Formato: Livro
Idioma:alemão
Publicado em: Berlin Akademie 1989
Edição:1. Aufl.
Tags: Adicionar Tag
Sem tags, seja o primeiro a adicionar uma tag!

MARC

LEADER 00000nam a2200000 4500
001 c033233
005 20221215124659.1
041 0 |a ger 
044 |a DE 
245 1 0 |a Mathematisch-statistische Datenanalyse  |c Henning Läuter, Richard Pincus 
250 |a 1. Aufl. 
264 1 |a Berlin  |b Akademie  |c 1989 
300 |a 392 s. 
100 1 |a Läuter, Henning 
700 1 |a Pincus, Richard